000 00285nam a2200121 i 4500
001 bg
245 0 _aProdukty naftowe :
_bporadnik zaopatrzenia branżysty.
260 _aWarszawa,
_c1969.
040 _cBPK
041 _apol
942 _cKS
008 s pl f |000 0 pol
999 _c15967
_d15967
856 _uhttp://koha.tu.koszalin.pl/cgi-bin/koha/opac-detail.pl?biblionumber=15967
_yKatalog online BPK